| 000 | 00673nab a2200205 uc4500 | ||
|---|---|---|---|
| 001 | 735760 | ||
| 005 | 20240201183035.0 | ||
| 008 | 020508s1930 spa | ||
| 035 | _a735760 | ||
| 035 | _a(OCoLC)819943574 | ||
| 040 | _ccomduadb | ||
| 041 | _aspa | ||
| 100 | 1 | 0 |
_aLopez Sanin, Jorge _4aut _eaut _9257923 |
| 245 | 1 | 3 | _aEl porvenir |
| 650 |
_aFormas de gobierno _943704 |
||
| 650 |
_aProgreso social _96667 |
||
| 651 | 7 |
_aColombia _xAdministración pública _2lemb _9854369 |
|
| 773 | 0 |
_tClaridad : Revista Semanal (Medellín) _gClaridad. Vol. 01, Nos. 01-20, Mar.-Jul. de 1930, Vol. 01, No. 09, May. 3, 1930, p. 333 _w719113 _0233607 |
|
| 942 | _cARIMP | ||
| 999 |
_c245959 _d245959 |
||